000 00288nam a22001337a 4500
008 170830b xxu||||| |||| 00| 0 eng d
020 _a0534067026
041 _aeng
080 _a070
100 _a40
101 _aMED
245 _aMASS MEDIA RESEARCH
_cWYMER.R.D
942 _2udc
_cBK
999 _c25676
_d25676